K dějinám dělnické písně a skladby v Brně /

Hlavní autor: Štědroň, Bohumír, 1905-1982
Jazyk: Čeština
Vydáno: [Brno : Univerzita J.E. Purkyně, 1973]
Fyzický popis: s. 171-176
Knihy
Uloženo v:
LEADER 00680nam a22001932a 4500
001 000280626
003 CZ BrMZK
005 20021002103914.0
008 010907s1973 xr f cze d
040 |a BOA001  |b cze  |c BOA001 
100 1 |a Štědroň, Bohumír,  |d 1905-1982  |7 jk01131151  |4 aut 
245 1 0 |a K dějinám dělnické písně a skladby v Brně /  |c Bohumír Štědroň 
260 |a [Brno :  |b Univerzita J.E. Purkyně,  |c 1973] 
300 |a s. 171-176 
500 |a Separát z: Padesát vítězných let 
504 |a Obsahuje bibliografii 
910 |a BOA001  |b X-0725.798 
990 |a BK 
996 6 |b 2619880226  |c X-0725.798  |l MZK  |r Sklad / do 24 hodin  |n 4  |w 000280626  |u 000010  |a 1  |e BOA001  |j MZK50  |s P